Political science: state of the discipline (Record no. 39316)

MARC details
000 -LEADER
fixed length control field 00652nam a2200217Ia 4500
008 - FIXED-LENGTH DATA ELEMENTS--GENERAL INFORMATION
fixed length control field 191130s2002##################000#0#eng##
020 ## - INTERNATIONAL STANDARD BOOK NUMBER
International Standard Book Number 9780393978711
040 ## - CATALOGING SOURCE
Original cataloging agency ACL
Transcribing agency ACL
082 ## - DEWEY DECIMAL CLASSIFICATION NUMBER
Classification number 320 KAT
245 ## - TITLE STATEMENT
Title Political science: state of the discipline
Statement of responsibility, etc. Ira Katznelson and Helen V. Milner, editors
260 ## - PUBLICATION, DISTRIBUTION, ETC.
Place of publication, distribution, etc. New York
Name of publisher, distributor, etc. American Political Science Assn
Date of publication, distribution, etc. c2002
300 ## - PHYSICAL DESCRIPTION
Extent xv, 994, [A1]-A28 p. ; 25 cm
500 ## - GENERAL NOTE
General note Includes index
650 ## - SUBJECT ADDED ENTRY--TOPICAL TERM
Topical term or geographic name entry element Political science
Topical term or geographic name entry element State, The
700 ## - ADDED ENTRY--PERSONAL NAME
Personal name Katznelson, Ira
Personal name Milner, Helen V
990 ## - EQUIVALENCES OR CROSS-REFERENCES [LOCAL, CANADA]
Link information for 9XX fields 80e55ed1ac10000c4ca0a94287395557
991 ## -
-- 194840
Holdings
Withdrawn status Lost status Materials specified (bound volume or other part) Damaged status Not for loan Home library Current library Shelving location Date acquired Total Checkouts Full call number Barcode Date last seen Price effective from Koha item type
    pbk     Anna Centenary Library Anna Centenary Library 3RD FLOOR, B WING 09.10.2020   320 KAT 345545 09.10.2020 09.10.2020 English Books

Find us on the map